Które państwo kiedykolwiek zagrało w Euro? - Statystyki

Ogólne statystyki
  • Ten quiz został rozwiązany 240 razy
  • Średni wynik to 31 z 35
Statystyki odpowiedzi
Liczba występów Tabela wszech czasów EURO Państwo % Poprawnych
4 18 Polska
98%
11 3 Hiszpania
97%
13 1 Niemcy
97%
12 9 Rosja
97%
10 7 Anglia
95%
8 5 Portugalia
95%
10 6 Niderlandy
94%
7 13 Szwecja
94%
3 20 Ukraina
94%
6 10 Belgia
93%
10 8 Czechy
93%
10 4 Francja
93%
10 2 Włochy
93%
2 27 Słowacja
92%
3 23 Austria
90%
1 30 Finlandia
90%
1 28 Norwegia
90%
5 15 Szwajcaria
90%
6 12 Chorwacja
89%
4 19 Węgry
89%
4 14 Grecja
88%
3 25 Irlandia
88%
9 11 Dania
87%
5 24 Rumunia
86%
2 16 Walia
86%
1 33 Słowenia
85%
2 29 Bułgaria
84%
1 34 Łotwa
84%
3 26 Szkocja
84%
1 22 Islandia
83%
1 32 Albania
82%
5 17 Turcja
81%
1 31 Irlandia Północna
74%
1 35 Macedonia Północna
70%
5 21 Jugosławia
50%
Nie znaleziono quizów pasujących do podanych kryteriów
Rozkład punktacji
Procent ludzi z każdym wynikiem
Percentyl według liczby udzielonych odpowiedzi
Twoja historia wyników
Nie rozwiązałeś tego quizu